00365nam a2200121Ia 45000010005000000080041000050820055000461000059001012450019001602600023001799010026002029990015002284361241024s9999 xx 000 0 und d aRepública Dominicana. Ministerio de Educación. aLínea base del Programa de Jornada Escolar Extendida 0a[*SIN TITULO*] bSanto Domngoc2014 a2/9/2016 2:58:38 p.m. c7527d7527